| 000 | 00729cam a22002413a 4500 | ||
|---|---|---|---|
| 001 | 26280 | ||
| 003 | PGUSA | ||
| 005 | 20140828083551.0 | ||
| 008 | 080812s2008||||xxu|||||s|||||000 | eng d | ||
| 040 |
_aPGUSA _beng |
||
| 042 | _adc | ||
| 050 | 4 | _aHQ | |
| 100 | 1 |
_aMorley, Margaret Warner, _d1858-1923 |
|
| 245 | 1 | 4 |
_aThe Renewal of Life; How and When to Tell the Story to the Young _h[electronic resource] / _cMargaret Warner Morley |
| 260 |
_bProject Gutenberg, _c2008 |
||
| 506 | _aPublic domain in the USA. | ||
| 516 | _aElectronic text | ||
| 653 | _aPhysiology -- Study and teaching | ||
| 653 | _aReproduction | ||
| 830 | 0 |
_aProject Gutenberg _v26280 |
|
| 856 | 4 | 0 | _uhttp://www.gutenberg.org/ebooks/26280 |
| 942 | _cEB | ||
| 999 |
_c255535 _d255535 |
||